Các quá trình vận chuyển trong hệ giả hai chiều : Chuyên ngành: vật lý lý thuyết và vật lý toán
Nội dung đề tài khảo sát các quá trình vận chuyển trong hệ giả hai chiều mà cụ thể là trong vật liệu GaN, lý thuyết vận chuyển tuyến tính.
Spremljeno u:
| Glavni autor: | |
|---|---|
| Format: | Knjiga |
| Jezik: | Undetermined |
| Izdano: |
Cần Thơ
Trường đại Học Cần Thơ
2008
|
| Teme: | |
| Oznake: |
Dodaj oznaku
Bez oznaka, Budi prvi tko označuje ovaj zapis!
|
| Thư viện lưu trữ: | Trung tâm Học liệu Trường Đại học Cần Thơ |
|---|
| LEADER | 01012nam a2200229Ia 4500 | ||
|---|---|---|---|
| 001 | CTU_137168 | ||
| 008 | 210402s9999 xx 000 0 und d | ||
| 082 | |a 530 | ||
| 082 | |b Nh100 | ||
| 088 | |a 604401 | ||
| 100 | |a Lê, Công Nhã | ||
| 245 | 0 | |a Các quá trình vận chuyển trong hệ giả hai chiều : | |
| 245 | 0 | |b Chuyên ngành: vật lý lý thuyết và vật lý toán | |
| 245 | 0 | |c Lê Công Nhã ; Nguyễn Quốc Khánh giáo viên hướng dẫn | |
| 260 | |a Cần Thơ | ||
| 260 | |b Trường đại Học Cần Thơ | ||
| 260 | |c 2008 | ||
| 520 | |a Nội dung đề tài khảo sát các quá trình vận chuyển trong hệ giả hai chiều mà cụ thể là trong vật liệu GaN, lý thuyết vận chuyển tuyến tính. | ||
| 650 | |a Trung tâm Học liệu ĐHCT,Physics | ||
| 650 | |x Vật lý | ||
| 904 | |i Tuyến | ||
| 980 | |a Trung tâm Học liệu Trường Đại học Cần Thơ | ||